| 000 | 00789nam a2200253 i 4500 | ||
|---|---|---|---|
| 001 | 16266 | ||
| 003 | ES-MaACL | ||
| 005 | 20231214201619.0 | ||
| 007 | t| | ||
| 008 | 000823s2000 sp ||||1| spa d | ||
| 020 | _a84-95354-21-7 | ||
| 080 | _a914.60(0:82) | ||
| 080 | _a821.134.2-992"19" | ||
| 100 | 1 |
_aSerna, Víctor de la. _9105577 |
|
| 245 | 1 | 0 |
_aNuevo viaje de España _b: la vía del Calatraveño / _cVíctor de la Serna ; ensayo preliminar de Eugenio Montes. |
| 260 |
_aMadrid : _bMaeva, _c[2000] |
||
| 300 |
_a199 p. ; _c20 cm. |
||
| 490 | 1 | _aAndar y ver | |
| 651 | 4 |
_aEspaña- _xDescripción. _98184 |
|
| 700 | 1 |
_aMontes, Eugenio, _d1897-1982 _9227206 |
|
| 830 | 0 |
_aAndar y ver _9179945 |
|
| 852 |
_aES-MaACL _jL-23517 _bR.128919 |
||
| 999 |
_c16266 _d16266 |
||